ARRUPE JESUIT UNIVERSITY

CORONAVIRUS -STOP THE SPREAD - CLEAN,DISINFECT,COVER

Did colonialism capture the peasantry? : (Record no. 124444)

MARC details
000 -LEADER
fixed length control field 00955cam a2200289 a 4500
001 - CONTROL NUMBER
control field 783762
003 - CONTROL NUMBER IDENTIFIER
control field ARRUPE
005 - DATE AND TIME OF LATEST TRANSACTION
control field 20160322123208.0
008 - FIXED-LENGTH DATA ELEMENTS--GENERAL INFORMATION
fixed length control field 890927s1989 sw b 000 0 eng d
020 ## - INTERNATIONAL STANDARD BOOK NUMBER
International Standard Book Number 9171062890
035 ## - SYSTEM CONTROL NUMBER
System control number (OCoLC)20336822
035 ## - SYSTEM CONTROL NUMBER
System control number (OCoLC)ocm20336822
035 ## - SYSTEM CONTROL NUMBER
System control number (CStRLIN)NYCG89-B69799
035 ## - SYSTEM CONTROL NUMBER
System control number (NNC)783762
040 ## - CATALOGING SOURCE
Original cataloging agency IaU
Transcribing agency IaU
043 ## - GEOGRAPHIC AREA CODE
Geographic area code f-tz---
300 ## - PHYSICAL DESCRIPTION
Dimensions 24 cm.
100 1# - MAIN ENTRY--PERSONAL NAME
Personal name Smith, Charles David.
9 (RLIN) 23225
245 10 - TITLE STATEMENT
Title Did colonialism capture the peasantry? :
Remainder of title a case study of the Kagera district, Tanzania /
Statement of responsibility, etc Charles David Smith.
260 ## - PUBLICATION, DISTRIBUTION, ETC. (IMPRINT)
Place of publication, distribution, etc Uppsala :
Name of publisher, distributor, etc Scanidinavian Institute of African Studies,
Date of publication, distribution, etc 1989.
300 ## - PHYSICAL DESCRIPTION
Extent 34 p. ;
490 1# - SERIES STATEMENT
Series statement Research report,
International Standard Serial Number 0080-6714 ;
Volume number/sequential designation no. 83
504 ## - BIBLIOGRAPHY, ETC. NOTE
Bibliography, etc Includes bibliographical references.
650 #0 - SUBJECT ADDED ENTRY--TOPICAL TERM
Topical term or geographic name as entry element Social change
Geographic subdivision Tanzania.
9 (RLIN) 23226
830 #0 - SERIES ADDED ENTRY--UNIFORM TITLE
Uniform title Research report (Nordiska Afrikainstitutet) ;
Volume number/sequential designation no. 83.
9 (RLIN) 23227
942 ## - ADDED ENTRY ELEMENTS (KOHA)
Source of classification or shelving scheme Library of Congress Classification
Koha item type Monograph ( Printed materials)
Holdings
Withdrawn status Lost status Source of classification or shelving scheme Damaged status Not for loan Collection code Home library Current library Shelving location Date acquired Total Checkouts Full call number Barcode Date last seen Date checked out Price effective from Koha item type
    Library of Congress Classification     Main Collection ARRUPE LIBRARY ARRUPE LIBRARY Main Collection 22/03/2016 1 DT1.N64 n.83 46500007094 21/04/2016 19/04/2016 22/03/2016 Monograph ( Printed materials)

 

Arrupe Library. PO Box MP320 Mt Pleasant, Harare, Zimbabwe
263 242 745411|librarian@aju.ac.zw